MARC

LEADER 00000nas a22000007 4500
001 ssj0001509063
003 WaSeSS
005 20200512172242.0
006 m d
007 cr n
008 830507d19201999fr qr p s 0 b0fre d
010 |a sn 86009280  
016 7 |a P24100000  |2 DNLM 
016 7 |a 007870192  |2 Uk 
022 |l 0032-7875  |y 0032-7875 
030 |a PTCLA3 
035 |a (WaSeSS)ssj0001509063 
040 |a CRL  |b eng  |c CRL  |d SER  |d RCS  |d AIP  |d CAS  |d EBZ  |d OCLCQ  |d LVB  |d OCLCQ  |d UKMGB  |d CAI  |d OCLCO  |d OCLCF  |d OCLCO  |d OCLCA  |d OCLCQ  |d OCLCO  |d OCLCA  |d WaSeSS 
042 |a nsdp 
060 0 |a W1 PR486 
210 0 |a Presse therm. clim. 
222 0 |a Presse thermale et climatique 
245 0 0 |a Presse thermale et climatique  |h [electronic resource]. 
260 |a Paris,  |b Société franc̜aise d'hydrologie et de climatologie médicales. 
310 |a Quarterly,  |b 1963- 
321 |a 5 no. a year,  |b 19 -1962 
362 1 |a Began 1920; ceased in 1999. 
506 |a License restrictions may limit access. 
515 |a Suspended Nov. 1941-Jan. 1946. 
650 0 |a Climatology  |v Periodicals. 
650 0 |a Medical geography  |v Periodicals. 
650 6 |a Climatologie médicale  |v Périodiques. 
650 6 |a Hydrothérapie  |v Périodiques. 
650 7 |a Climatology.  |2 fast  |0 (OCoLC)fst00864281 
650 7 |a Medical geography.  |2 fast  |0 (OCoLC)fst01014152 
655 0 |a Electronic journals. 
780 0 0 |t Gazette des eaux. 
856 4 0 |z Full text available from Research Library: 07/01/2014 to 01/31/2016  |u https://search.proquest.com/publication/2035997